<?xml version="1.0" encoding="UTF-8"?>
<record
    xmlns:xsi="http://www.w3.org/2001/XMLSchema-instance"
    xsi:schemaLocation="http://www.loc.gov/MARC21/slim http://www.loc.gov/standards/marcxml/schema/MARC21slim.xsd"
    xmlns="http://www.loc.gov/MARC21/slim">

  <leader>00671nam a22002177a 4500</leader>
  <controlfield tag="005">20260324095447.0</controlfield>
  <controlfield tag="008">260324b        |||||||| |||| 00| 0 eng d</controlfield>
  <datafield tag="017" ind1=" " ind2=" ">
    <subfield code="a">LD.2455</subfield>
  </datafield>
  <datafield tag="018" ind1=" " ind2=" ">
    <subfield code="a">2025</subfield>
  </datafield>
  <datafield tag="040" ind1=" " ind2=" ">
    <subfield code="a">NLN</subfield>
    <subfield code="b">English</subfield>
    <subfield code="e">AACR2</subfield>
  </datafield>
  <datafield tag="050" ind1=" " ind2=" ">
    <subfield code="a">BV4811</subfield>
    <subfield code="b">.G347</subfield>
  </datafield>
  <datafield tag="082" ind1=" " ind2=" ">
    <subfield code="a">242.2</subfield>
  </datafield>
  <datafield tag="100" ind1=" " ind2=" ">
    <subfield code="a">GEORGE-OMUNU, Gloria</subfield>
    <subfield code="e">aut</subfield>
    <subfield code="9">69576</subfield>
  </datafield>
  <datafield tag="245" ind1=" " ind2=" ">
    <subfield code="a">House of God divine light devotional : </subfield>
    <subfield code="b">a devotional booklet for the year 2024 /</subfield>
    <subfield code="c">Gloria George-Omunu</subfield>
  </datafield>
  <datafield tag="260" ind1=" " ind2=" ">
    <subfield code="a">Asaba, Delta State :</subfield>
    <subfield code="b">House of God's Ministries,</subfield>
    <subfield code="c">2024</subfield>
  </datafield>
  <datafield tag="300" ind1=" " ind2=" ">
    <subfield code="a">382p. ;</subfield>
    <subfield code="b">20cm.</subfield>
  </datafield>
  <datafield tag="563" ind1=" " ind2=" ">
    <subfield code="a">(pbk.)</subfield>
  </datafield>
  <datafield tag="650" ind1=" " ind2=" ">
    <subfield code="a">Devotional calendars</subfield>
    <subfield code="9">51</subfield>
  </datafield>
  <datafield tag="650" ind1=" " ind2=" ">
    <subfield code="a">Devotional literature</subfield>
    <subfield code="9">13653</subfield>
  </datafield>
  <datafield tag="942" ind1=" " ind2=" ">
    <subfield code="c">BK</subfield>
    <subfield code="n">0</subfield>
  </datafield>
  <datafield tag="999" ind1=" " ind2=" ">
    <subfield code="c">34186</subfield>
    <subfield code="d">34186</subfield>
  </datafield>
  <datafield tag="952" ind1=" " ind2=" ">
    <subfield code="0">0</subfield>
    <subfield code="1">0</subfield>
    <subfield code="2">lcc</subfield>
    <subfield code="4">0</subfield>
    <subfield code="7">0</subfield>
    <subfield code="a">ABAK</subfield>
    <subfield code="b">MAIN</subfield>
    <subfield code="d">2026-03-24</subfield>
    <subfield code="e">Legal deposit</subfield>
    <subfield code="i">279712</subfield>
    <subfield code="l">0</subfield>
    <subfield code="o">BV4811 .G347</subfield>
    <subfield code="p">279712</subfield>
    <subfield code="r">2026-03-24 09:57:23</subfield>
    <subfield code="t">1</subfield>
    <subfield code="w">2026-03-24</subfield>
    <subfield code="y">BK</subfield>
  </datafield>
  <datafield tag="952" ind1=" " ind2=" ">
    <subfield code="0">0</subfield>
    <subfield code="1">0</subfield>
    <subfield code="2">lcc</subfield>
    <subfield code="4">0</subfield>
    <subfield code="7">0</subfield>
    <subfield code="a">ASA</subfield>
    <subfield code="b">MAIN</subfield>
    <subfield code="d">2026-03-24</subfield>
    <subfield code="e">Legal deposit</subfield>
    <subfield code="i">279713</subfield>
    <subfield code="l">0</subfield>
    <subfield code="o">BV4811 .G347</subfield>
    <subfield code="p">279713</subfield>
    <subfield code="r">2026-03-24 09:59:59</subfield>
    <subfield code="t">1</subfield>
    <subfield code="w">2026-03-24</subfield>
    <subfield code="y">BK</subfield>
  </datafield>
  <datafield tag="952" ind1=" " ind2=" ">
    <subfield code="0">0</subfield>
    <subfield code="1">0</subfield>
    <subfield code="2">lcc</subfield>
    <subfield code="4">0</subfield>
    <subfield code="7">0</subfield>
    <subfield code="a">BAU</subfield>
    <subfield code="b">MAIN</subfield>
    <subfield code="d">2026-03-24</subfield>
    <subfield code="e">Legal deposit</subfield>
    <subfield code="i">279714</subfield>
    <subfield code="l">0</subfield>
    <subfield code="o">BV4811 .G347</subfield>
    <subfield code="p">279714</subfield>
    <subfield code="r">2026-03-24 10:00:19</subfield>
    <subfield code="t">1</subfield>
    <subfield code="w">2026-03-24</subfield>
    <subfield code="y">BK</subfield>
  </datafield>
</record>
